[Event "AUTO-INT-2857"]
[Site "http://www.queenalice.com/game.php?id=1282922"]
[Date "2014.5.20"]
[Round "1"]
[White "NickThorp"]
[Black "bbking"]
[Result "0-1"]
[WhiteElo "1740"]
[BlackElo "1468"]

1. e4 e5 2. Nf3 Nc6 3. Bb5 a6 4. Ba4 Nf6 5. d3 b5 6. Bb3 d5 7. Bg5 Bg4 8. O-O
Bxf3 9. Qxf3 d4 10. c3 Be7 11. Bxf6 Bxf6 12. cxd4 Nxd4 13. Qh5 Nxb3 14. axb3
Qxd3 15. Nc3 O-O 16. Rfd1 Qc2 17. Rab1 Qxb3 18. Nd5 Rfd8 19. Nxc7 Rxd1+ 20. Rxd1
Qxb2 21. Nxa8 Qc2 22. Qxe5 Qxd1# 0-1

[Event "AUTO-INT-2857"]
[Site "http://www.queenalice.com/game.php?id=1282923"]
[Date "2014.5.20"]
[Round "1"]
[White "bbking"]
[Black "NickThorp"]
[Result "0-1"]
[WhiteElo "1495"]
[BlackElo "1708"]

1. e4 e5 2. Nf3 Nc6 3. Bb5 a6 4. Bxc6 dxc6 5. Nxe5 Qe7 6. d4 Nf6 7. Nc3 Qd6 8.
Be3 Qb4 9. Bd2 Qxb2 10. Bg5 Qxc3+ 11. Bd2 Qxd4 12. Nf3 Qxe4+ 13. Be3 Bb4+ 14.
Kf1 O-O 15. Qd4 Qxd4 16. Bxd4 Nd5 17. a3 Bd6 18. Ke2 Re8+ 19. Kd3 Nf4+ 20. Kc3
Ne2+ 21. Kd3 Bf5+ 22. Kc4 b5+ 23. Kb3 c5 24. Bc3 c4+ 25. Kb2 Nxc3 26. Kxc3 Re2
27. Nd4 Rxf2 28. a4 Be5 29. axb5 Rxc2+ 0-1

[Event "AUTO-INT-2863"]
[Site "http://www.queenalice.com/game.php?id=1285774"]
[Date "2014.6.3"]
[Round "1"]
[White "sockmonster"]
[Black "bbking"]
[Result "1-0"]
[WhiteElo "1517"]
[BlackElo "1530"]

1. d4 d5 2. c4 e6 3. Nf3 Nf6 4. Bg5 Bb4+ 5. Nc3 Bxc3+ 6. bxc3 O-O 7. e3 Nc6 8.
cxd5 exd5 9. c4 Be6 10. cxd5 Bxd5 11. Bd3 h6 12. Bh4 Nb4 13. e4 Bxa2 14. e5 Nfd5
15. Bxd8 Rfxd8 16. O-O Nc3 17. Qd2 Bd5 18. Qxc3 Nxd3 19. Qxd3 Bxf3 20. Qxf3 Rxd4
21. Qxb7 1-0

[Event "AUTO-INT-2863"]
[Site "http://www.queenalice.com/game.php?id=1285786"]
[Date "2014.6.3"]
[Round "1"]
[White "sccp1910"]
[Black "bbking"]
[Result "1-0"]
[WhiteElo "1532"]
[BlackElo "1457"]

1. b3 e5 2. e4 Nf6 3. Bb2 Nc6 4. Nf3 Nxe4 5. Bc4 d6 6. d3 Bg4 7. dxe4 Bxf3 8.
Qxf3 f6 9. Nc3 a6 10. O-O-O b5 11. Bd5 Qd7 12. h4 b4 13. Ne2 a5 14. c3 Be7 15.
Qd3 Ra6 16. Qxa6 Nb8 17. Qxa5 c6 18. Qxb4 Na6 19. Qb6 cxd5 20. Qxa6 dxe4 21.
Qa8+ Bd8 22. Rd5 Ke7 23. Rhd1 Qg4 24. Rxd6 Qxe2 25. Qb7+ 1-0

[Event "AUTO-INT-2863"]
[Site "http://www.queenalice.com/game.php?id=1285787"]
[Date "2014.6.3"]
[Round "1"]
[White "bbking"]
[Black "sccp1910"]
[Result "0-1"]
[WhiteElo "1472"]
[BlackElo "1498"]

1. e4 e5 2. Nf3 Bc5 3. Nxe5 d5 4. Nc3 Nf6 5. Bb5+ Bd7 6. Bxd7+ Nbxd7 7. Nxd7
Qxd7 8. O-O Ng4 9. d4 Bb4 10. a3 Bxc3 11. bxc3 dxe4 12. Qe1 O-O-O 13. Bg5 f6 14.
Bf4 h5 15. Qxe4 Rhe8 16. Qg6 Rh8 17. h3 Nh6 18. Bxh6 Rxh6 19. Qe4 Re8 20. Qg4
hxg4 0-1

[Event "AUTO-INT-2863"]
[Site "http://www.queenalice.com/game.php?id=1285794"]
[Date "2014.6.3"]
[Round "1"]
[White "bbking"]
[Black "Ditto"]
[Result "0-1"]
[WhiteElo "1553"]
[BlackElo "1661"]

1. e4 e5 2. Nf3 Nc6 3. Bb5 Nge7 4. Bxc6 Nxc6 5. d4 exd4 6. Nxd4 Nxd4 7. Qxd4 d6
8. Nc3 Be6 9. Bh6 c5 10. Qa4+ Bd7 11. Nb5 a6 12. Bg5 Be7 13. Bxe7 Kxe7 14. O-O-O
Bxb5 15. Qa3 Re8 16. Rhe1 Kf8 17. f3 Qg5+ 18. Kb1 Qxg2 19. Rh1 Re5 20. h4 Re6
21. b3 Qxf3 22. h5 Rae8 23. c4 Bc6 0-1

[Event "AUTO-INT-2863"]
[Site "http://www.queenalice.com/game.php?id=1285795"]
[Date "2014.6.3"]
[Round "1"]
[White "Ditto"]
[Black "bbking"]
[Result "1-0"]
[WhiteElo "1665"]
[BlackElo "1541"]

1. d4 d5 2. Nf3 e6 3. c4 Nf6 4. Bg5 h6 5. Bc1 Bb4+ 6. Bd2 Bxd2+ 7. Nbxd2 Nc6 8.
e3 O-O 9. a3 Na5 10. cxd5 exd5 11. Nb1 Bg4 12. Be2 Bxf3 13. Bxf3 b6 14. O-O Nc4
15. Nc3 Nxb2 16. Qc2 Nc4 17. Rfe1 Qd6 18. Nb5 Qc6 19. a4 a6 20. Nc3 b5 21. axb5
axb5 22. Rxa8 Rxa8 23. Qb3 Nd2 24. Qb4 Nxf3+ 25. gxf3 Nh5 26. Nxb5 Rb8 27. Rb1
Qc4 28. Qa5 Nf6 29. Rb4 Qc1+ 30. Kg2 c6 31. Qc7 Ne8 32. Qxb8 Kf8 33. Nd6 1-0

[Event "AUTO-INT-2899"]
[Site "http://www.queenalice.com/game.php?id=1306820"]
[Date "2014.9.8"]
[Round "1"]
[White "bbking"]
[Black "TheOperator"]
[Result "0-1"]
[WhiteElo "1567"]
[BlackElo "1637"]

1. e4 e5 2. Nf3 d6 3. d4 Nf6 4. Nc3 Bd7 5. d5 a6 6. Bg5 Be7 7. Bxf6 Bxf6 8. Bc4
O-O 9. O-O b5 10. Bb3 c6 11. a3 Bg4 12. h3 Bh5 13. g4 Bg6 14. g5 Bxg5 15. Nxg5
h6 16. Nf3 Qc8 17. a4 Qxh3 18. Nd2 Bh5 19. f3 f5 20. dxc6+ Kh7 21. axb5 axb5 22.
Nd5 Nxc6 23. Nc7 Rxa1 24. Qxa1 Qg3+ 25. Kh1 Nd4 26. Qa3 Rf6 27. Ne8 Rg6 28. Nxd6
Qg2# 0-1

[Event "AUTO-INT-2899"]
[Site "http://www.queenalice.com/game.php?id=1306821"]
[Date "2014.9.8"]
[Round "1"]
[White "TheOperator"]
[Black "bbking"]
[Result "1-0"]
[WhiteElo "1650"]
[BlackElo "1554"]

1. e4 e5 2. Nc3 Nf6 3. Nf3 Nc6 4. Bc4 Bb4 5. a3 Bxc3 6. bxc3 d5 7. exd5 Nxd5 8.
Bb2 Bg4 9. h3 Bxf3 10. Qxf3 Nce7 11. O-O O-O 12. Bb3 c6 13. c4 Nf4 14. Bxe5 g5
15. d3 f6 16. c5+ Kh8 17. Bd6 Nfd5 18. d4 b6 19. c3 bxc5 20. dxc5 Rf7 21. Qh5
Kg8 22. g3 Ng6 23. Rac1 a5 24. a4 f5 25. c4 Nb4 26. Rcd1 Qc8 27. Rfe1 f4 28. g4
f3 29. Qxg5 Rd7 30. Rd4 Kf7 31. Qh5 Qh8 32. Qf5+ Kg8 33. Rde4 Nd3 34. Qe6+ Kg7
35. Qxd7+ Kh6 36. R4e3 Nxe1 37. Re6 Ng2 38. Bd1 Nh4 39. Bf4# 1-0